<?xml version="1.0" encoding="UTF-8"?>
<record
    xmlns:xsi="http://www.w3.org/2001/XMLSchema-instance"
    xsi:schemaLocation="http://www.loc.gov/MARC21/slim http://www.loc.gov/standards/marcxml/schema/MARC21slim.xsd"
    xmlns="http://www.loc.gov/MARC21/slim">

  <leader>02015nam a22002657a 4500</leader>
  <controlfield tag="001">113998</controlfield>
  <controlfield tag="003">DR-UNIBE</controlfield>
  <controlfield tag="005">20260316094321.0</controlfield>
  <controlfield tag="008">250801b2020    dr ||||| |||| 00| 0 spa d</controlfield>
  <datafield tag="020" ind1=" " ind2=" ">
    <subfield code="a">9789945645705</subfield>
  </datafield>
  <datafield tag="040" ind1=" " ind2=" ">
    <subfield code="a">BIBLIOTECA UNIBE</subfield>
    <subfield code="b">spa</subfield>
    <subfield code="c">BIBLIOTECA UNIBE</subfield>
    <subfield code="e">rda</subfield>
  </datafield>
  <datafield tag="041" ind1=" " ind2=" ">
    <subfield code="a">spa</subfield>
  </datafield>
  <datafield tag="082" ind1=" " ind2=" ">
    <subfield code="a">RD 361 V496a</subfield>
  </datafield>
  <datafield tag="100" ind1=" " ind2=" ">
    <subfield code="a">Verg&#xE9;s, Luis</subfield>
    <subfield code="d">1962-</subfield>
    <subfield code="e">autor</subfield>
    <subfield code="9">155742</subfield>
  </datafield>
  <datafield tag="245" ind1="1" ind2="0">
    <subfield code="a">Agenda tem&#xE1;tica bienestarmental y familiar /</subfield>
    <subfield code="c">Luis Verg&#xE9;s</subfield>
  </datafield>
  <datafield tag="260" ind1=" " ind2=" ">
    <subfield code="a">Santo Domingo :</subfield>
    <subfield code="b">Centro Psicol&#xF3;gico Bienestar Familiar,</subfield>
    <subfield code="c">2020</subfield>
  </datafield>
  <datafield tag="300" ind1=" " ind2=" ">
    <subfield code="a">Paginaci&#xF3;n varias</subfield>
  </datafield>
  <datafield tag="505" ind1=" " ind2=" ">
    <subfield code="a"> Introducci&#xF3;n | 
 Tema del primer mes. &#xBF;C&#xF3;mo puedo aportar en favor de la salud mental desde el hogar?  |
 Tema del segundo mes. El buen trato en el hogar y su impacto en la salud mental  |
Tema del tercer mes. &#xBF;C&#xF3;mo saber si hay alguna situaci&#xF3;n de salud mental en el hogar?  |
 Tema del cuarto mes. &#xBF;Qu&#xE9; hacer y c&#xF3;mo tratar a un familiar identificado con alguna condici&#xF3;n de salud mental?  |
 Tema del quinto mes. &#xBF;C&#xF3;mo puedo saber si poseo bienestar mental? |
 Tema del sexto mes. &#xBF;C&#xF3;mo saber si hay violencia en el hogar y c&#xF3;mo enfrentarla de forma apropiada?  |
 Tema del s&#xE9;ptimo mes. La importancia del afecto en el hogar  |
 Tema del octavo mes. Estilos educativos en el hogar: ventajas y desventajas  |
 Tema del noveno mes. &#xBF;C&#xF3;mo podemos relacionarnos con nuestros hijos e hijas seg&#xFA;n sus etapas de desarrollo?  |
 Tema del d&#xE9;cimo mes. &#xBF;C&#xF3;mo apoyar a nuestros hijos para el logro de sus metas acad&#xE9;micas?  |
 Tema del d&#xE9;cimo primer mes. &#xBF;C&#xF3;mo mejorar la comunicaci&#xF3;n en el hogar?  |
 Tema del d&#xE9;cimo segundo mes. &#xBF;C&#xF3;mo fortalecer la relaci&#xF3;n de pareja?  |
 Vi&#xF1;etas educativas para nunca olvidar y aplicar 206 &#xBF;Qu&#xE9; significado tienen estas frases para tu vida?  |
</subfield>
  </datafield>
  <datafield tag="650" ind1=" " ind2="7">
    <subfield code="2">lemb</subfield>
    <subfield code="a">Bienestar familiar</subfield>
    <subfield code="9">54546</subfield>
  </datafield>
  <datafield tag="650" ind1=" " ind2="7">
    <subfield code="2">lemb</subfield>
    <subfield code="a">Familia</subfield>
  </datafield>
  <datafield tag="650" ind1=" " ind2="7">
    <subfield code="2">lemb</subfield>
    <subfield code="a">Psicolog&#xED;a</subfield>
  </datafield>
  <datafield tag="653" ind1="0" ind2="0">
    <subfield code="a">Bienestar mental</subfield>
  </datafield>
  <datafield tag="653" ind1="0" ind2="0">
    <subfield code="a">Diarios y familia (Psicolog&#xED;a)</subfield>
  </datafield>
  <datafield tag="942" ind1=" " ind2=" ">
    <subfield code="2">ddc</subfield>
    <subfield code="c">BK</subfield>
  </datafield>
  <datafield tag="999" ind1=" " ind2=" ">
    <subfield code="c">113998</subfield>
    <subfield code="d">113998</subfield>
  </datafield>
  <datafield tag="952" ind1=" " ind2=" ">
    <subfield code="0">0</subfield>
    <subfield code="1">0</subfield>
    <subfield code="2">ddc</subfield>
    <subfield code="4">0</subfield>
    <subfield code="7">0</subfield>
    <subfield code="8">GEN-RD</subfield>
    <subfield code="a">Principal</subfield>
    <subfield code="c">NEW</subfield>
    <subfield code="d">2025-08-01</subfield>
    <subfield code="l">0</subfield>
    <subfield code="o">RD 361 V496a</subfield>
    <subfield code="p">250944</subfield>
    <subfield code="r">2025-08-01 11:08:05</subfield>
    <subfield code="t">Ej. 1</subfield>
    <subfield code="w">2025-08-01</subfield>
    <subfield code="y">BK</subfield>
  </datafield>
</record>
